00862nam a2200217 a 450000100100000000500170001000800410002702000180006804000250008608200160011110000280012724501030015526000410025830000210029950000700032050400410039059000720043104900090050395201150051299900170062700001625120200929164334.0100302s2008 mx 000 0 spa d a9789802934676 aDO-SdBNPbspacBNPHU axxxxbB142s1 aBáez, Fernando93630713aEl saqueo cultural de América Latina :bde la conquista a la globalización /cFernando Báez. aCaracas, Venezuela :bDebate,c2008. a408 p. ;c23 cm. aIncluye datos biográficos del autor en la solapa de la cubierta aIncluye referencias bibliográficas aLa biblioteca nacional posee 1 ejemplar autográfiado por el autor aBNPD 0010507-18MOaGRbGRcOId2010-03-02iLF1l0oxxxx B142sp16251-10r2020-06-25w2020-06-25y1ZNo se presta c15788d15788